| 000 | 00371 a2200121 4500 | ||
|---|---|---|---|
| 001 | ART_34367 | ||
| 005 | 20260410162004.0 | ||
| 008 | 260409a | ||
| 245 | 1 | 0 | _aRegional Integration |
| 100 | 1 | _aMordecki Pupko, Gabriela | |
| 700 | 1 | _aPiaggio Talice, Matías | |
| 773 | 0 |
_tRevista de economía y estadística _g- Vol. XLIX, Nº 1 (jun. 2011) _wREV34359 |
|
| 999 |
_c31589 _d31589 |
||